000 00659nam a22002177a 4500
003 UA-OsUOA
001 45918
007 ta
008 20070521b un ||||| |||| 00| 0 ukr d
100 _aРоянова А.
090 _a81
_bР-11
942 _cSA
040 _aUA-OsUOA
_bukr
_cUA-OsUOA
_dUA-OsUOA
245 _aЛексика і фразеологія (Перевірка і корекція знань, умінь та навичок)
300 _aС.10-12
955 _a0
041 _aukr
080 _a81
773 0 _w45917
650 7 _a8 Мовознавство. Художня література. Літературознавство
_2UDC
999 _c332017
_d332017